Poeti minori del Settecento / (Record no. 183392)
[ view plain ]
| 000 -LEADER | |
|---|---|
| campo de control de longitud fija | 01572nam a2200385 i 4500 |
| 001 - NÚMERO DE CONTROL | |
| campo de control | 183392 |
| 003 - IDENTIFICADOR DE NÚMERO DE CONTROL | |
| campo de control | ES-MaACL |
| 005 - FECHA Y HORA DE LA ÚLTIMA TRANSACCIÓN | |
| campo de control | 20260217134558.0 |
| 008 - DATOS DE LONGITUD FIJA--INFORMACIÓN GENERAL | |
| campo de control de longitud fija | 140411m19121913it |||| | ita d |
| 080 ## - NÚMERO DE LA CLASIFICACIÓN DECIMAL UNIVERSAL | |
| Número de la Clasificación Decimal Universal | 821.133.1-1"17" |
| 245 00 - MENCIÓN DEL TÍTULO | |
| Título | Poeti minori del Settecento / |
| Mención de responsabilidad, etc. | a cura di Alessandro Donati. |
| 260 ## - PUBLICACIÓN, DISTRIBUCIÓN, ETC. | |
| Lugar de publicación, distribución, etc. | Bari : |
| Nombre del editor, distribuidor, etc. | Gius. Laterza & Figli, |
| Fecha de publicación, distribución, etc. | 1912-1913. |
| 300 ## - DESCRIPCIÓN FÍSICA | |
| Extensión | 2 v. (353 ; 356 p.) ; |
| Dimensiones | 21 cm. |
| 490 1# - MENCIÓN DE SERIE | |
| Mención de serie | Scrittori d'Italia ; |
| Designación de volumen o secuencia | 33, 45 |
| 505 8# - NOTA DE CONTENIDO CON FORMATO | |
| Nota de contenido con formato | Contiene: [1]. Savioli, Pompei, Paradisi, Cerretti ed altri - [2]. Mazza, Rezzonico, Bondi, Fiorentino, Cassoli, Mascheroni |
| 530 ## - NOTA DISPONIBLE DE FORMULARIO FÍSICO ADICIONAL | |
| Nota de formato físico adicional disponible | Disponible en formato digital. |
| 650 #7 - PUNTO DE ACCESO ADICIONAL DE MATERIA--TÉRMINO DE MATERIA | |
| Término de materia o nombre geográfico como elemento de entrada | Poesía italiana- |
| Subdivisión cronológica | S.XVIII |
| 9 (RLIN) | 154696 |
| 700 1# - ENTRADA AGREGADA--NOMBRE PERSONAL | |
| Nombre de persona | Donati, Alessandro. |
| 9 (RLIN) | 154697 |
| 700 1# - ENTRADA AGREGADA--NOMBRE PERSONAL | |
| Nombre de persona | Savioli, Lodovico. |
| 9 (RLIN) | 154698 |
| 700 1# - ENTRADA AGREGADA--NOMBRE PERSONAL | |
| Nombre de persona | Pompei, Girolamo. |
| 9 (RLIN) | 154699 |
| 700 1# - ENTRADA AGREGADA--NOMBRE PERSONAL | |
| Nombre de persona | Paradisi, Agostino, |
| Fechas asociadas al nombre | 1736-1783 |
| 9 (RLIN) | 154700 |
| 700 1# - ENTRADA AGREGADA--NOMBRE PERSONAL | |
| Nombre de persona | Cerretti, Luigi, |
| Fechas asociadas al nombre | 1738-1808 |
| 9 (RLIN) | 154701 |
| 700 1# - ENTRADA AGREGADA--NOMBRE PERSONAL | |
| Nombre de persona | Mazza, Angelo, |
| Fechas asociadas al nombre | 1741-1817 |
| 9 (RLIN) | 154719 |
| 700 1# - ENTRADA AGREGADA--NOMBRE PERSONAL | |
| Nombre de persona | Rezzonico, Carlo Gastone della Torre di. |
| 9 (RLIN) | 154720 |
| 700 1# - ENTRADA AGREGADA--NOMBRE PERSONAL | |
| Nombre de persona | Bondi, Clemente. |
| 9 (RLIN) | 154721 |
| 700 1# - ENTRADA AGREGADA--NOMBRE PERSONAL | |
| Nombre de persona | Fiorentino, Salomone. |
| 9 (RLIN) | 154722 |
| 700 1# - ENTRADA AGREGADA--NOMBRE PERSONAL | |
| Nombre de persona | Cassoli, Francesco ( |
| Fechas asociadas al nombre | 1749-1812) |
| 9 (RLIN) | 154723 |
| 700 1# - ENTRADA AGREGADA--NOMBRE PERSONAL | |
| Nombre de persona | Mascheroni, Lorenzo. |
| 9 (RLIN) | 154724 |
| 830 10 - PUNTO DE ACCESO ADICIONAL DE SERIE-TÍTULO UNIFORME | |
| Título uniforme | Scrittori d'Italia |
| Designación de volumen o secuencia | 33, 45 |
| 9 (RLIN) | 191925 |
| 852 4# - LOCALIZACIÓN | |
| Ubicación | ES-MaACL |
| Número de control de estantería | G-3734 |
| Ubicación en estantería | Depósito 2 |
| 856 4# - LOCALIZACIÓN Y ACCESO ELECTRÓNICOS | |
| Identificador Uniforme de Recursos | <a href="https://archive.org/details/poetiminoridelse02donauoft ">https://archive.org/details/poetiminoridelse02donauoft </a> |
| Nota pública | (V. 1) |
| Texto de enlace | Internet Archive |
| 856 4# - LOCALIZACIÓN Y ACCESO ELECTRÓNICOS | |
| Identificador Uniforme de Recursos | <a href="https://archive.org/details/poetiminoridelse01donauoft ">https://archive.org/details/poetiminoridelse01donauoft </a> |
| Nota pública | |
| -- | (V. 2) |
| Texto de enlace | Internet Archive |
| 942 ## - ELEMENTOS DE ENTRADA SECUNDARIOS (KOHA) | |
| Fuente del sistema de clasificación o colocación | Clasificación decimal universal |
| Estatus retirado | Estado de pérdida | Estado de daño | No para préstamo | Colección | Biblioteca de origen | Biblioteca actual | Ubicación en estantería | Fecha de adquisición | Fuente de adquisición | Total de préstamos | Signatura topográfica completa | Código de barras | Visto por última vez | Precio de reemplazo | Tipo de ítem Koha |
|---|---|---|---|---|---|---|---|---|---|---|---|---|---|---|---|
| Colección digital | Biblioteca del Ateneo de Madrid | Biblioteca del Ateneo de Madrid | Depósito 2 | 11/04/2014 | G-3734 | 1192761 | 23/02/2023 | 23/02/2023 | Libro impreso |
